000 01479nam a2200349 i 4500
003 EG-GICUC
005 20260509204340.0
008 260303s2000 ua ||||fr|||| 000 0 ara d
017 _a2000/3518
020 _a977-291-206-6
040 _a EG-GICUC
_bara
_c EG-GICUC
_d EG-GICUC
_erda
041 0 _aara
082 0 4 _221
_a341.77
_bم ي .ق
092 0 4 _221
099 _aLaw1 11 2000 341.77 م ي . ق
100 0 _aميلود المهذبى
_eمؤلف.
245 1 0 _aقضية لوكربى وأحكام القانون الدولى :
_bجدلية الشرعية والمشروعية القضية أمام مجلس الأمن ومحكمة العدل الدولية.
_nالجزء الاول /
_cتأليف الدكتور ميلود المهذبي.
250 _aالطبعة الثالثة
_b
264 1 _aالقاهرة :
_bمركز الحضارة العربية معهد البحوث والدراسات العربية ،
_c2000.
300 _a395 ؛ صفحة
_c24 سم
336 _2rda content
_atext
337 _2rda media
_aComputer
338 _2rda carrier
_aOnline Resource
546 _aالنص باللغة العربية
590 _aإهداء مكتبة الأستاذ الدكتور صلاح عامر
650 1 4 _aالقانون الدولي
_2qrmak
650 1 4 _aالقانون الجنائي الدولي
651 1 _2qrmak
856 4 0 _uhttps://fll.law.cu.edu.eg/fulltext/bks/B11-04794.pdf
905 _a76
942 _2ddc
_cBK
_e21
_n0
999 _c64711
_d64711